| Tag |
First Indicator |
Second Indicator |
Subfields |
| LEADER |
00000cam a2200000 a 4500 |
| 001 |
in00000847421 |
| 005 |
20151019055529.0 |
| 008 |
830520s1983 vaua tb f00010 eng d |
| 010 |
|
|
|a gp 84018792
|
| 035 |
|
|
|a (OCoLC)09540099
|
| 035 |
|
|
|9 AEB1669AM
|
| 040 |
|
|
|a AED
|c AED
|d GPO
|d UtOrBLW
|
| 043 |
|
|
|a n-us---
|
| 074 |
|
|
|a 334-A-20 (microfiche)
|
| 086 |
0 |
|
|a D 103.42/8:83-6
|
| 090 |
|
|
|a TC203
|b .U581 mr no. 83-6
|
| 100 |
1 |
|
|a Peregrine, D. H.
|
| 245 |
1 |
0 |
|a Interaction of waves and currents /
|c by D. Howell Peregrine and Ivar G. Jonsson ; prepared for U.S. Army, Corps of Engineers, Coastal Engineering Research Center.
|
| 264 |
|
1 |
|a Fort Belvoir, Va. :
|b The Center ;
|c [1983]
|
| 264 |
|
2 |
|a Springfield, Va. :
|b National Technical Information Service [distributor],
|
| 300 |
|
|
|a 88 pages :
|b illustrations ;
|c 28 cm.
|
| 336 |
|
|
|a text
|b txt
|2 rdacontent
|
| 337 |
|
|
|a unmediated
|b n
|2 rdamedia
|
| 338 |
|
|
|a volume
|b nc
|2 rdacarrier
|
| 490 |
1 |
|
|a Miscellaneous report ;
|v no. 83-6
|
| 500 |
|
|
|a Cover title.
|
| 500 |
|
|
|a "Cyril Galvin, Coastal Engineer"--Rept. doc. p.
|
| 500 |
|
|
|a Distributed to depository libraries in microfiche.
|
| 500 |
|
|
|a "March 1983."
|
| 504 |
|
|
|a Bibliography: pages 70-88.
|
| 536 |
|
|
|b DACW72-80-C-0004,
|d B31673.
|
| 650 |
|
0 |
|a Water waves.
|
| 650 |
|
0 |
|a Ocean currents
|z United States.
|
| 650 |
|
0 |
|a Sediment transport
|z United States.
|
| 700 |
1 |
|
|a Jonsson, Ivar G.
|
| 700 |
1 |
|
|a Galvin, Cyril J.
|q (Cyril Jerome),
|d 1935-
|
| 710 |
2 |
|
|a Coastal Engineering Research Center (U.S.)
|
| 830 |
|
0 |
|a Miscellaneous report (Coastal Engineering Research Center (U.S.)) ;
|v no. 83-6.
|
| 999 |
|
|
|a MARS
|
| 999 |
f |
f |
|s 411372e5-345f-3b55-9940-8f9e6f0d7ece
|i b3d96624-3d39-3a44-ab59-79af2f345016
|t 0
|
| 952 |
f |
f |
|p normal
|a Texas A&M University
|b Galveston Campus
|c Jack K. Williams Library
|d Galveston Stacks
|t 0
|e TC203 .U581 MR no. 83-6
|h Library of Congress classification
|i unmediated -- volume
|m 33620000902029
|
| 952 |
f |
f |
|p normal
|a Texas A&M University
|b College Station
|c Sterling C. Evans Library
|d Evans: US Documents (Annex 5th floor)
|t 0
|e D 103.42/8: 83-6
|h Superintendent of Documents classification
|i unmediated -- volume
|m A14815921276
|
| 998 |
f |
f |
|a D 103.42/8: 83-6
|t 0
|l Evans: US Documents (Annex 5th floor)
|
| 998 |
f |
f |
|a TC203 .U581 MR no. 83-6
|t 0
|l Galveston Stacks
|